=LDR 00000nam 2200000 4500 =001 INLIS000000000023276 =005 20130612121943 =008 ***********************************Ind** =035 ##$$0010-061300000023276 =041 ##$$a Ind =082 ##$$a 340 =090 ##$$a 340, Mac p =100 ##$$a Machmudin, Dudu Duswara =245 ##$$a Pengantar ilmu hukum, Sebuah sketsa, Drs. Dudu Duswara Machmudin, SH, M.Hum =260 ##$$a 2000 $b Bandung =300 ##$$a xii, 106 hlm, 21 cm =650 ##$$a Hukum =850 ##$$a NBPNMAT